Em Angola tem? (Record no. 48631)

MARC details
000 -LÍDER
campo de controle de tamanho fixo 00322 a2200145 4500
001 - NÚMERO DE CONTROLE
campo de controle 48631
040 ## - FONTE DA CATALOGAÇÃO
Instituição que transcreveu o registro Anchieta - Bela Vista
100 ## - ENTRADA PRINCIPAL--NOME PESSOAL
Nome pessoal Barbosa, Rogério Andrade
240 10 - TÍTULO UNIFORME
Título uniforme Em Angola tem?
Idioma da obra por
245 10 - TÍTULO
Título Em Angola tem?
300 ## - DESCRIÇÃO FÍSICA
Extensão 44
362 0# - DATAS DE PUBLICAÇÃO E/OU DESIGNAÇÃO SEQUENCIAL
Datas de publicação e/ou designação sequencial 2010
650 #4 - ASSUNTO--TERMO TÓPICO
Cabeçalho tópico ou nome geográfico Literatura infanto-juvenil
942 ## - ELEMENTOS DE ENTRADA ADICIONADOS (KOHA)
Tipo de material Koha Livros
Holdings
Situação do descarte Situação das perdas Situação física Não pode ser emprestado Biblioteca de origem Biblioteca atual Data de aquisição Total de empréstimos Número de chamada completo Código de barras Data de último acesso Data do preço efetivo Tipo de material Koha
        Colégio Anchieta - Bela Vista Colégio Anchieta - Bela Vista 21/11/2023   028.5 B238a EMA 760/BEL 21/11/2023 21/11/2023 Livros